| 000 | 00554nam a22001931a 4500 | ||
|---|---|---|---|
| 001 | 10301 | ||
| 003 | OSt | ||
| 005 | 20260204212154.0 | ||
| 008 | 081024s2002||||sp ||||||b||||||||||spa|| | ||
| 020 | _a997477750X | ||
| 050 | _aR 170 V247a | ||
| 110 | _aRedacción de Texto por Editorial Bueno | ||
| 245 | _aValores y actitudes / Redacción de Texto por Editorial Bueno | ||
| 264 | _aEspaña : Arquetipo Grupo Editorial | ||
| 300 | _a360 p | ||
| 500 | _aIncluye CD | ||
| 650 | _aEtica 2.Educación Cívica 3.Educación en ValoresÌ | ||
| 942 |
_2ddc _cBK |
||
| 999 |
_c10301 _d10301 |
||